000
00300nam a22001337a 4500
008
210520b ||||| |||| 00| 0 eng d
041
_a
eng
080
_2
5th
_a
33
082
_a
33
100
_a
52
101
_a
EKO
245
_a
The Economics of Money and Banking
_c
Chandler,L.V
942
_2
udc
_c
BK
999
_c
57549
_d
57549